000 00814nam a22002417a 4500
005 20170124105918.0
010 _aA-943822
020 _a8176480223
_c00
035 _aA-943822
037 _bCen Lib/Ret
040 _aDPL
_bEN
082 _a371.82625
_bKIN
100 _aKinjaram, Ramaiah
_929903
245 _aEducational performance of sceduled castes /
_cby Ramaiah Kinjaram
246 _b
260 _bAPH Publishing Corporation
_c1998
_aNew Delhi
270 _bNew Delhi
_a 5, ansari road dariya ganj
_e110002
300 _axvi, 163p.
_c21cm(Hb)
500 _aIncludes appendix, bibliographical references and index
650 _aHigher Education
_xSceduled castes
_929904
650 _aSocio-Economic Status
_xSchedule castes
_929905
942 _2ddc
_cEN
_h371.82625
_mKIN
999 _c122971
_d122971